| 000 | 00544nam a22001697a 4500 | ||
|---|---|---|---|
| 003 | OSt | ||
| 008 | 240120b1990 |||||||| |||| 00| 0 eng d | ||
| 082 |
_a658.402 _bSAV-F |
||
| 100 | _aSavage, Charles M. | ||
| 245 |
_aFifth generation management : _bintegrating enterprises through human networking / _cCharles M. Savage. |
||
| 260 |
_aDelhi : _bPrentice-Hall Of India , _c1990. |
||
| 300 | _axvi, 267 p. ; | ||
| 650 | _aComputer integrated manufacturing systems | ||
| 650 | _aIndustrial management | ||
| 650 | _aOrganization | ||
| 942 |
_2ddc _cBK |
||
| 999 |
_c20136 _d20136 |
||